000 00840cam a22002651 4500
001 34010
003 BD-RjUL
005 20211209052107.0
008 140512s1965 e a b 000 0 eng d
035 _a(BD-RjUL)34103
040 _aDLC
_cDLC
_dBD-RjUL
_beng
041 _aeng
082 0 0 _a301.08
_bLAL 1965
100 1 _aLasswell, Thomas E.
_9103379
245 1 0 _aLife in society :
_bintroductory readings in sociology /
_c[by] Thomas E. Lasswell, John H. Burma [and] Sidney H. Aronson.
260 _aChicago :
_bScott, Foresman,
_c1965.
300 _a[8] 661 p. :
_billus. ;
_c26 cm.
504 _aIncludes bibliographies.
650 0 _aSociology.
_9103380
700 1 _aBurma, John H.,
_ejoint ed.
_9103381
700 1 _aAronson, Sidney H.,
_ejoint ed.
_9103382
942 _2ddc
_cBK
999 _c34010
_d34010